|
|
|
|
| LEADER |
01556nam a22002417a 4500 |
| 003 |
GR-PaULI |
| 005 |
20210117210514.0 |
| 007 |
ta |
| 008 |
171110s2017 gr a|||f m||| 000 0 gre d |
| 040 |
|
|
|a GR-PaULI
|b gre
|c GR-PaULI
|e AACR2
|
| 060 |
|
|
|a QU 120
|
| 100 |
1 |
|
|9 165556
|a Αρμπή, Μαρίνα
|e συγγραφέας
|
| 245 |
1 |
3 |
|a Οι ρυθμιστές της αδειοδότησης της αντιγραφής Geminin, McIdas και GemC1 στη γονιδιωματική σταθερότητα και στη διαφοροποίηση των πολυκροσσωτών κυττάρων /
|c Αρμπή Μαρίνα ; Πανεπιστήμιο Πατρών, Τμήμα Ιατρικής, Εργαστήριο Γενικής Βιολογίας.
|
| 260 |
|
|
|a Πάτρα :
|b [χ. ό.],
|c 2017.
|
| 300 |
|
|
|a 210 σ. :
|b σχήμ. ;
|c 30 εκ.
|
| 502 |
|
|
|a Διατριβή (διδακτορική) -- Πανεπιστήμιο Πατρών, Πάτρα, 2017.
|
| 504 |
|
|
|6 Περιλαμβάνει βιβλιογραφία.
|
| 650 |
|
4 |
|9 30457
|a Βιολογία
|x Πρωτεΐνες
|
| 710 |
0 |
|
|9 159233
|a Πανεπιστήμιο Πατρών
|b Σχολή Επιστημών Υγείας
|b Τομέας Βασικών Ιατρικών Επιστημών Ι
|b Εργαστήριο Γενικής Βιολογίας
|
| 942 |
|
|
|2 lcc
|c BKTD
|
| 952 |
|
|
|0 0
|1 0
|2 lcc
|4 0
|6 QU0120 ΑΡΜ
|7 1
|9 217208
|a MEDI
|b MEDI
|d 2017-11-10
|i Δ/001555
|l 0
|o QU 120 ΑΡΜ
|p 025000174529
|r 2017-11-10 00:00:00
|t 1
|v 2017.00
|w 2017-11-10
|y BKTD
|
| 998 |
|
|
|c ΜΑΝΙΑΚΗ
|d 2017
|
| 999 |
|
|
|c 131681
|d 131681
|